Bill Clinton : United States president /

Bibliographic Details
Main Author: Cole, Michael D.
Format: Book
Language:English
Published: Springfield, N.J., U.S.A. : Enslow Publishers, [1994]
Series:People to know.
Subjects:

MARC

Tag First Indicator Second Indicator Subfields
LEADER 00000cam a2200000 a 4500
001 in00001438321
005 20151020093229.0
008 930913s1994 njua j b 001 0beng
010 |a  93037411  
020 |a 089490437X 
035 |a (OCoLC)28965410 
035 |9 AHS2358AM 
040 |a DLC  |c DLC  |d UtOrBLW 
043 |a n-us--- 
049 |a TXAG 
050 0 0 |a E886  |b .C65 1994 
082 0 0 |a 973.929/092  |a B  |2 20 
100 1 |a Cole, Michael D. 
245 1 0 |a Bill Clinton :  |b United States president /  |c Michael D. Cole. 
264 1 |a Springfield, N.J., U.S.A. :  |b Enslow Publishers,  |c [1994] 
264 4 |c ©1994 
300 |a 112 pages :  |b illustrations ;  |c 24 cm. 
336 |a text  |b txt  |2 rdacontent 
337 |a unmediated  |b n  |2 rdamedia 
338 |a volume  |b nc  |2 rdacarrier 
490 1 |a People to know 
504 |a Includes bibliographical references (pages 104-110) and index. 
600 1 0 |a Clinton, Bill,  |d 1946-  |x Juvenile literature. 
650 0 |a Presidents  |z United States  |v Biography  |v Juvenile literature. 
600 1 1 |a Clinton, Bill,  |d 1946- 
650 1 |a Presidents. 
830 0 |a People to know. 
999 |a MARS 
999 f f |s ade6063b-aec1-32c5-98cc-21fdc39fd18f  |i b2dcb1e1-c481-3714-80d5-1e9194c1704a  |t 0 
952 f f |p normal  |a Texas A&M University  |b College Station  |c Sterling C. Evans Library  |d Evans: Curriculum Collection (4th floor)  |t 0  |e E886 .C65 1994  |h Library of Congress classification  |i unmediated -- volume  |m A14822297311 
998 f f |a E886 .C65 1994  |t 0  |l Evans: Curriculum Collection (4th floor)